[Event "DSOL 08 Liga Gr-A 1st"]
[Site "Playchess.com INT"]
[Date "2020.07.10"]
[Round "3.3"]
[White "Vesszoe, Aaron"]
[Black "Lee, Ho Young"]
[Result "0-1"]
[WhiteElo "951"]
[BlackElo "807"]
[PlyCount "62"]
[EventDate "2020.06.22"]
[EventType "team-tourn (rapid)"]
[EventCountry "GER"]
[SourceTitle "EXT 2021"]
[Source "ChessBase"]
[SourceDate "2020.10.23"]
[SourceVersion "1"]
[SourceVersionDate "2020.10.23"]
[SourceQuality "1"]
[WhiteTeam "Paderborn Akademie II"]
[BlackTeam "Zell Schwarz Weiss II"]
[WhiteTeamCountry "GER"]
[BlackTeamCountry "GER"]

1. d4 Nf6 2. Nf3 e6 3. g3 c5 4. Bg2 cxd4 5. Nxd4 d5 6. 0-0 e5 7. Nf3 Qc7 8. Nc3 d4 9. Nb5 Qc5 10. a4 a6 11. b4 Qb6 12. Na3 Nbd7 13. Rb1 Ne4 14. a5 Qc7 15. Bd2 Be7 16. c4 dxc3 17. Qc2 Ndf6 18. Nh4 Nxd2 19. Rbc1 Nxf1 20. Kxf1 0-0 21. Qb3 e4 22. Rxc3 Qd8 23. Re3 g5 24. Bxe4 gxh4 25. Qb1 Nxe4 26. Qxe4 Qd1+ 27. Kg2 h3+ 28. Kf3 Bg5 29. Qxh7+ Kxh7 30. Ke4 f5+ 31. Kf3 Qh1# 0-1